01723nam a2200337 a 450000100100000000500170001000800410002704000250006808200210009310000340011424500800014825000110022826000340023930000210027349000890029450400280038359000260041165000420043765000560047965000620053565000490059765000510064670000370069771000510073483000960078591000380088195201330091995201920105295201240124499900170136800003350320250710141410.0110830d1982 dr 000 0 spa d aDO-SdBNPbspacBNPHU a510bB142m, 19821 aBaéz de Erazo, Melba93706110aMatemática básica I /cMelba Baéz de Erazo, Reyita Taveras de Fría. a4a ed. aSanto Domingo :bUASD,c1982. a314 p. ;c23 cm.1 aPublicaciones de la Universidad Autónoma de Santov281aCiencia y tecnologíav11 aBibliografía : p. 315 aInventariado, 2018/BT 0aMatemáticas XLIBROS DE TEXTO91258 4aMatemáticasxProblemas, ejercícios, etc.919473 4aTeoría de conjuntosxProblemas, ejercicios, etc.919474 4aLógicaxProblemas, ejercicios, etc.936516 4aEcuacionesxProblemas, ejercicios, etc.91947612aTaveras de Fría, Rayita9502811 aUniversidad Autónoma de Santo Domingo972951 0aPublicaciones de la Universidad Autónoma de Santon11pCiencia y tecnología; 281959024 aValidado. Control de calidad. MFF 001154708DSaGRbGRcMId2014-05-08iLF1l0o510 B142m, 1982p33503-30r2020-06-25te.3w2020-06-25yLFDSZPréstamo en sala 0010718PDaPDbPDcHDd2011-08-30iLF1l0o510 B142m, 1982p33503-10r2020-06-25w2020-06-25yLFPDzPerteneció a la biblioteca personal de Juan Isidro Jimenes Grullón.ZNo se presta 0011718PDaPDbPDcMId2011-10-21iLF1l0o510 B142m, 1982p33503-20r2020-06-25te.2w2020-06-25yLFPDZNo se presta c32994d32994